000 00854nam a2200205Ii 4500
003 JO-AjNU
008 230605s9999||||xx |||||||||||||| ||und||
040 _aJO-AjNU
_bara
_erda
_cJO-AjNU
041 _aara
050 1 4 _aBP173.758.S226 1983
100 3 _aالصدر، محمد باقر,
_eauthor
_956581
245 0 0 _aالبنك اللاربوي في الاسلام : اطروحة للتعويض عن الربا ودراسة لكافة اوجه نشاطات البنوك في ضوء الفقه الاسلامي
250 _aط8
264 3 1 _aبيروت: دار التعارف للمطبوعات، 1983
300 _a248ص
_bيحتوي على ملاحق من ص 164-248
336 _atext
_btxt
_2rdacontent
337 _aunmediated
_bn
_2rdamedia
338 _avolume
_bnc
_2rdacarrier
650 4 _aالاسلام - البنوك - الربا
_956582
999 _aA25303
_c28871
_d28871